|
|
|
|
| LEADER |
02281nam a2200493 i 4500 |
| 001 |
EBC1394753 |
| 003 |
MiAaPQ |
| 005 |
20200903223051.0 |
| 006 |
m o d | |
| 007 |
cr cnu|||||||| |
| 008 |
140203t20142014gw a ob 001 0 ger d |
| 020 |
|
|
|z 9783486705102
|
| 020 |
|
|
|a 9783486757873 (e-book)
|
| 035 |
|
|
|a (MiAaPQ)EBC1394753
|
| 035 |
|
|
|a (Au-PeEL)EBL1394753
|
| 035 |
|
|
|a (CaPaEBR)ebr10829531
|
| 035 |
|
|
|a (CaONFJC)MIL551981
|
| 035 |
|
|
|a (OCoLC)865330183
|
| 040 |
|
|
|a MiAaPQ
|b eng
|e rda
|e pn
|c MiAaPQ
|d MiAaPQ
|
| 043 |
|
|
|a e-ur---
|
| 050 |
|
4 |
|a DK289
|b .S235 2014
|
| 082 |
0 |
|
|a 327.47
|2 23
|
| 100 |
1 |
|
|a Saal, Yuliya von.
|
| 245 |
1 |
0 |
|a KSZE-prozess und perestroika in der Sowjetunion :
|b Demokratisierung, werteumbruch und auflosung 1985-1991 /
|c Yuliya von Saal ; Lektorat, Gabriele Jaroschka ; herstellung, Karl Dommer.
|
| 264 |
|
1 |
|a Munich, Germany :
|b Oldenbourg,
|c 2014.
|
| 264 |
|
4 |
|c 2014
|
| 300 |
|
|
|a 1 online resource (414 pages) :
|b illustrations.
|
| 336 |
|
|
|a text
|2 rdacontent
|
| 337 |
|
|
|a computer
|2 rdamedia
|
| 338 |
|
|
|a online resource
|2 rdacarrier
|
| 490 |
1 |
|
|a Quellen und Darstellungen zur Zeitgeschichte,
|x 0481-3545 ;
|v Band 100
|
| 504 |
|
|
|a Includes bibliographical references and index.
|
| 588 |
|
|
|a Description based on print version record.
|
| 590 |
|
|
|a Electronic reproduction. Ann Arbor, MI : ProQuest, 2016. Available via World Wide Web. Access may be limited to ProQuest affiliated libraries.
|
| 610 |
2 |
0 |
|a Conference on Security and Cooperation in Europe (Organization)
|x History
|y 20th century.
|
| 651 |
|
0 |
|a Soviet Union
|x Foreign relations
|y 1985-1991.
|
| 651 |
|
0 |
|a Soviet Union
|x Politics and government
|y 1985-1991.
|
| 655 |
|
4 |
|a Electronic books.
|
| 700 |
1 |
|
|a Jaroschka, Gabriele.
|
| 700 |
1 |
|
|a Dommer, Karl.
|
| 776 |
0 |
8 |
|i Print version:
|a Saal, Yuliya von.
|t KSZE-prozess und perestroika in der Sowjetunion : Demokratisierung, werteumbruch und auflosung 1985-1991.
|d Munich, Germany : Oldenbourg, c2014
|h x, 404 pages
|k Quellen und Darstellungen zur Zeitgeschichte ; Band 100.
|z 9783486705102
|w 2013482359
|
| 797 |
2 |
|
|a ProQuest (Firm)
|
| 830 |
|
0 |
|a Quellen und Darstellungen zur Zeitgeschichte ;
|v Bd. 100.
|
| 856 |
4 |
0 |
|u https://ebookcentral.proquest.com/lib/matrademy/detail.action?docID=1394753
|z Click to View
|